00715nam a2200217Ii 45000010005000000030009000050080041000140400033000550410008000880840010000961000024001062450010001302640060001403000012002003360026002123370028002383380027002669400050002939990017003439520137003607761CO-ViMGA241108s9999||||xx |||||||||||||| ||und|| aCO-ViMGAbspaerdacCO-ViMGA0 aunk aJ-E191 aWolfgang Eke95729810aHuida 1a[Lugar de publicación no identificado] : Molino, 1967 avolumen atextbtxt2rdacontent aunmediatedbn2rdamedia avolumebnc2rdacarrier aidficha_siabuc: 7586. -- ficha_no_siabuc:7761 c55666d55666 001040708001aMEVIGERRbMEVIGERRcGENd2006-11-27hVol.1oJ-E19pECA7798r2024-11-26 10:51:39tEj.1w2024-11-26yBKz7586 | 10642